| 000 | 00680cam a2200169 a 4500 | ||
|---|---|---|---|
| 001 | 000014136 | ||
| 005 | 20200929163505.0 | ||
| 008 | 900517s1988 uy b 000 0 spa | ||
| 040 |
_aDO-SdBNP _bspa _cBNPHU |
||
| 245 | 0 | 0 |
_aBatlle y El dia, 1886-1903 / _cFundacion Prudencio Vazquez y Vega ; Luis V. Anastasi... [et. al.]. |
| 260 |
_aMontevideo : _bFundacion Prudencio Vazquez y Vega ; _aMunich, Baviera, Republica Federal de Alemania : _bFundacion Hanns Seidel, _c1988. |
||
| 300 |
_a252 p. ; _c26 cm. |
||
| 700 | 1 |
_aAnastasia, Luis V. _919354 |
|
| 710 | 2 |
_aFundacion Prudencio Vazquez y Vega. _98009 |
|
| 730 | 0 |
_aDia (Montevideo, Uruguay) _931972 |
|
| 910 | _aCatalogación derivada | ||
| 999 |
_c13738 _d13738 |
||